WISDOM OF FINANCE DISCOVERING HUMANITY I (Record no. 32793)

MARC details
000 -LEADER
fixed length control field 00350nam a2200133Ia 4500
008 - FIXED-LENGTH DATA ELEMENTS--GENERAL INFORMATION
fixed length control field 240624s9999 xx 000 0 und d
041 ## - LANGUAGE CODE
Language code of text/sound track or separate title eng
082 ## - DEWEY DECIMAL CLASSIFICATION NUMBER
Classification number 332 DES
100 ## - MAIN ENTRY--PERSONAL NAME
Personal name DESAI A MIHIR
245 ## - TITLE STATEMENT
Title WISDOM OF FINANCE DISCOVERING HUMANITY I
260 ## - PUBLICATION, DISTRIBUTION, ETC.
Date of publication, distribution, etc. 2017
Place of publication, distribution, etc. Boston
Name of publisher, distributor, etc. Houghton Mifflin Harcourt
300 ## - PHYSICAL DESCRIPTION
Extent xiii, 223P.;22cm
365 ## - TRADE PRICE
Currency code
Price amount 33
Holdings
Withdrawn status Lost status Damaged status Not for loan Home library Current library Shelving location Date acquired Total Checkouts Total Renewals Full call number Barcode Date last seen Date last checked out Copy number Price effective from Koha item type
        IMTN IMTN Rack 9-A 01/13/2022 2 2 332 DES 32793 08/09/2025 08/01/2025 78.2 06/24/2024 Books
Designed & Maintained by: LRC IMT Nagpur Contact: lrc@imtnag.ac.in© 2024. All Rights Reserved.